[Event "Horst Emscher- Wattenscheid 2"]
[Site "?"]
[Date "2023.05.21"]
[Round "9.5"]
[White "Lang, Daniel"]
[Black "De Mie, Mariska"]
[Result "1/2-1/2"]
[WhiteElo "2123"]
[BlackElo "2065"]
[PlyCount "51"]
[SourceVersionDate "2023.06.22"]

1. d4 d6 2. c4 e5 3. Nc3 exd4 4. Qxd4 Nc6 5. Qd2 g6 6. Nf3 Bg7 7. b3 Nf6 8. Bb2
O-O 9. g3 Re8 10. Bg2 Bg4 11. O-O Qd7 12. Rfe1 Re7 13. Nd5 Nxd5 14. Bxg7 Kxg7
15. cxd5 Ne5 16. Qc3 f6 17. Nd4 Rae8 18. Rac1 Bh3 19. Bh1 Nf7 20. Qb4 Nd8 21.
Nb5 c5 22. dxc6 Nxc6 23. Qxd6 Rxe2 24. Qxd7+ Bxd7 25. Red1 R8e7 26. Nd6 1/2-1/2

[Event "Horst Emscher- Wattenscheid 2"]
[Site "?"]
[Date "2023.05.21"]
[Round "9.6"]
[White "Becker, Marco"]
[Black "Gohla, Ulf"]
[Result "0-1"]
[WhiteElo "1939"]
[BlackElo "2084"]
[Annotator "daniel"]
[PlyCount "60"]
[SourceVersionDate "2023.06.22"]

1. e4 e5 2. Nf3 Nc6 3. Bc4 Bc5 4. O-O Nf6 5. d3 a6 6. c3 Ba7 7. Nbd2 d6 8. Bb3
O-O 9. h3 Nh5 10. Re1 Nf4 11. Nf1 Qf6 12. Be3 Kh8 13. N3h2 Qg6 14. Ng3 Bxe3 15.
Rxe3 f5 16. Rf3 fxe4 17. dxe4 h5 18. Qf1 Ne7 19. Kh1 Qg5 20. Ne2 Neg6 21. Nxf4
exf4 22. Rd3 $11 Ne5 23. Nf3 Nxf3 24. gxf3 Rf6 25. Qg2 Qh4 26. Kh2 Bd7 27. e5
Rh6 28. Rg1 Rg6 29. Qf1 Rxg1 30. Kxg1 Bxh3 0-1

[Event "Horst Emscher- Wattenscheid 2"]
[Site "?"]
[Date "2023.05.21"]
[Round "9.7"]
[White "Schlange, Stefan"]
[Black "Arndt, Olaf"]
[Result "1-0"]
[WhiteElo "2172"]
[BlackElo "1893"]
[PlyCount "45"]
[SourceVersionDate "2023.06.22"]

1. e4 e5 2. Nf3 Nc6 3. Nc3 Nf6 4. d4 exd4 5. Nd5 h6 6. Bc4 Bc5 7. O-O O-O 8.
Re1 Re8 9. a3 a5 10. b3 Nxe4 11. Qd3 Nd6 12. Bf4 Ne7 13. Ne5 Nxd5 14. Bxd5 Re7
15. Bxh6 c6 16. Qg6 Qf8 17. Ng4 Ne8 18. Bxg7 Qxg7 19. Bxf7+ Rxf7 20. Rxe8+ Rf8
21. Nf6+ Kh8 22. Qh5+ Qh7 23. Qxh7# 1-0

[Event "Horst Emscher- Wattenscheid 2"]
[Site "?"]
[Date "2023.05.21"]
[Round "9.8"]
[White "Goeldenboog, Juergen"]
[Black "Klueting, Reiner"]
[Result "1/2-1/2"]
[WhiteElo "1986"]
[BlackElo "1919"]
[PlyCount "30"]
[SourceVersionDate "2023.06.22"]

1. d4 Nf6 2. c4 e5 3. dxe5 Ng4 4. Nf3 Bc5 5. e3 Nc6 6. Be2 O-O 7. O-O Ngxe5 8.
Nc3 a5 9. b3 d6 10. Bb2 Nxf3+ 11. Bxf3 Ne5 12. Ne4 Bb6 13. c5 Nxf3+ 14. Qxf3
Bxc5 15. Nf6+ gxf6 1/2-1/2

[Event "Duisburg- Dinslaken"]
[Site "?"]
[Date "2023.05.21"]
[Round "9.1"]
[White "Sielecki, Christof"]
[Black "Heisel, Guido"]
[Result "1-0"]
[WhiteElo "2421"]
[BlackElo "2110"]
[PlyCount "63"]
[SourceVersionDate "2023.06.22"]

1. Nf3 c5 2. e4 g6 3. c4 Bg7 4. d4 cxd4 5. Nxd4 Nc6 6. Be3 Qb6 7. Nb3 Qc7 8.
Qd2 Nf6 9. f3 d6 10. Nc3 O-O 11. Be2 Be6 12. Nd5 Qd7 13. O-O Rfc8 14. Rac1 Ne5
15. Nd4 b6 16. b3 Bxd5 17. cxd5 Rxc1 18. Rxc1 Rc8 19. Ba6 Rxc1+ 20. Qxc1 h5 21.
Nb5 Kh7 22. Qc8 Nd3 23. Qxd7 Nxd7 24. Nxa7 Nb4 25. Bb5 Nc5 26. a4 Nxb3 27. Bxb6
e6 28. Nc6 Bc3 29. Nxb4 Bxb4 30. Bc4 Na5 31. dxe6 fxe6 32. Bxe6 1-0

[Event "Duisburg- Dinslaken"]
[Site "?"]
[Date "2023.05.21"]
[Round "9.2"]
[White "Hehlke, Oliver"]
[Black "Sonnenschein, Philipp"]
[Result "0-1"]
[WhiteElo "1938"]
[BlackElo "2210"]
[PlyCount "68"]
[SourceVersionDate "2023.06.22"]

1. d4 Nf6 2. c4 e6 3. g3 d5 4. Bg2 dxc4 5. Nf3 c6 6. O-O b5 7. a4 Bb7 8. b3
cxb3 9. Qxb3 b4 10. Bb2 Nbd7 11. Rd1 c5 12. dxc5 Bxc5 13. a5 O-O 14. Nbd2 Qe7
15. Nc4 Rac8 16. Rac1 Rfd8 17. Qa4 Ne4 18. e3 Bd5 19. Qa1 f6 20. Nh4 Qf7 21.
Nd2 Nxd2 22. Bxd5 exd5 23. Rxd2 Qe6 24. Nf3 Qe4 25. Kg2 Nf8 26. Rcd1 Ne6 27. h4
g5 28. Bxf6 Rf8 29. Rxd5 g4 30. Rd7 Qxf3+ 31. Kg1 Rxf6 32. R1d2 Rcf8 33. Qe5
Qf5 34. Qb2 Bxe3 0-1

[Event "Duisburg- Dinslaken"]
[Site "?"]
[Date "2023.05.21"]
[Round "9.3"]
[White "Welzel, Philipp"]
[Black "Sirringhaus, Wilfried"]
[Result "1-0"]
[WhiteElo "2150"]
[BlackElo "2108"]
[PlyCount "97"]
[SourceVersionDate "2023.06.22"]

1. d4 Nf6 2. Nf3 g6 3. c4 Bg7 4. g3 O-O 5. Bg2 d6 6. O-O c5 7. dxc5 dxc5 8. Ne5
Nbd7 9. Nd3 e5 10. Nc3 Re8 11. Be3 Qa5 12. a3 Ng4 13. Bxc5 Qd8 14. Bd6 Nb6 15.
c5 Nc4 16. Qa4 Nxd6 17. cxd6 e4 18. Nxe4 Bf5 19. Nec5 Qxd6 20. Bxb7 Rab8 21.
Bf3 Bd4 22. Rac1 Ne5 23. Nxe5 Qxe5 24. b4 Bh3 25. Nd7 Qg5 26. Nxb8 Bxf2+ 27.
Kh1 Rxb8 28. Rfd1 Qh6 29. b5 Bf5 30. Qf4 Qxf4 31. gxf4 Rxb5 32. Kg2 Be3 33. Rc4
Rb3 34. a4 Ra3 35. h3 h5 36. Rb4 Kg7 37. Rd5 Be6 38. Rd3 Rxd3 39. exd3 Bd2 40.
Rb7 a5 41. d4 Bxf4 42. d5 Bf5 43. Ra7 Bd2 44. d6 Kf6 45. Bd5 Be6 46. Bc6 Ke5
47. d7 Bg5 48. Rxa5+ Kd6 49. Rxg5 1-0

[Event "Duisburg- Dinslaken"]
[Site "?"]
[Date "2023.05.21"]
[Round "9.4"]
[White "Brueggemann, Josef"]
[Black "Ossig, Rainer"]
[Result "0-1"]
[WhiteElo "2017"]
[BlackElo "2177"]
[PlyCount "54"]
[SourceVersionDate "2023.06.22"]

1. e4 c5 2. Nf3 e6 3. c3 d5 4. Bb5+ Bd7 5. Bxd7+ Qxd7 6. exd5 Qxd5 7. O-O Nc6
8. Qb3 O-O-O 9. d4 cxd4 10. Nxd4 Nxd4 11. cxd4 Qxb3 12. axb3 a6 13. Be3 Bd6 14.
Nc3 Ne7 15. Rfc1 Kb8 16. Ra4 Rc8 17. Rca1 Nd5 18. Ne4 Bb4 19. Ng5 Rc2 20. Rb1
a5 21. Nxf7 Rf8 22. Ne5 Kc7 23. Nf3 h6 24. Raa1 Kb6 25. Ne5 Kb5 26. Nd3 Re2 27.
Nc1 Re1# 0-1

[Event "Duisburg- Dinslaken"]
[Site "?"]
[Date "2023.05.21"]
[Round "9.5"]
[White "Graeber, Ralf"]
[Black "Buyken, Florian"]
[Result "1/2-1/2"]
[WhiteElo "2177"]
[BlackElo "1943"]
[PlyCount "67"]
[SourceVersionDate "2023.06.22"]

1. d4 Nf6 2. Nc3 e6 3. Bf4 Bb4 4. Qd3 c5 5. O-O-O cxd4 6. Nb5 d6 7. Qxd4 Nc6 8.
Nxd6+ Ke7 9. Qe3 Qa5 10. a3 Rd8 11. Nc4 Rxd1+ 12. Kxd1 Qd5+ 13. Qd3 Bc5 14. e3
b5 15. Ne5 Bb7 16. Qxd5 Nxd5 17. Nd3 Bb6 18. Bg3 Rd8 19. Kc1 a5 20. Nf3 b4 21.
a4 b3 22. c3 Nb8 23. Nd4 Nd7 24. Be2 Bxd4 25. exd4 Bc6 26. Re1 Bxa4 27. Bf3
N5f6 28. Bc7 Rc8 29. Bxa5 Bb5 30. Bb4+ Kd8 31. Ne5 Nxe5 32. Rxe5 Bc4 33. Bb7
Rb8 34. Bc6 1/2-1/2

[Event "Duisburg- Dinslaken"]
[Site "?"]
[Date "2023.05.21"]
[Round "9.6"]
[White "Usdenski, Andreas"]
[Black "Kleff, Andre"]
[Result "1/2-1/2"]
[WhiteElo "1700"]
[BlackElo "2124"]
[PlyCount "59"]
[SourceVersionDate "2023.06.22"]

1. d4 g6 2. e4 Bg7 3. Nc3 c6 4. Be3 d5 5. Qd2 h5 6. Be2 Nh6 7. h3 dxe4 8. Nxe4
Nf5 9. Nf3 Nxe3 10. fxe3 Nd7 11. O-O O-O 12. Bc4 Nb6 13. Bb3 a5 14. Neg5 e6 15.
c3 a4 16. Bc2 Nc4 17. Qe2 Nxb2 18. Nxf7 Rxf7 19. Bxg6 Rf6 20. Ne5 Rxg6 21. Nxg6
Qg5 22. Nf4 a3 23. Nxh5 Ra5 24. Nxg7 Qxg7 25. Rf3 Rf5 26. e4 Rxf3 27. Qxf3 e5
28. d5 cxd5 29. exd5 Nc4 30. Qh5 1/2-1/2

[Event "Duisburg- Dinslaken"]
[Site "?"]
[Date "2023.05.21"]
[Round "9.7"]
[White "Brockhaus, Philip"]
[Black "Vortmeier, Jan"]
[Result "0-1"]
[WhiteElo "1969"]
[BlackElo "1831"]
[PlyCount "48"]
[SourceVersionDate "2023.06.22"]

1. e4 g6 2. d4 Bg7 3. Nc3 d6 4. Be3 a6 5. f4 b5 6. a3 Bb7 7. Bd3 Nd7 8. Nf3 c5
9. dxc5 Nxc5 10. Bd4 Bxd4 11. Nxd4 Nf6 12. Qe2 O-O 13. O-O-O Rc8 14. h4 h5 15.
f5 Ng4 16. Nf3 Nd7 17. Ng5 Rxc3 18. bxc3 Qa5 19. Kb2 Nb6 20. Qd2 Na4+ 21. Kb3
Rc8 22. c4 Qb6 23. Qb4 Rc5 24. fxg6 f6 0-1

[Event "Duisburg- Dinslaken"]
[Site "?"]
[Date "2023.05.21"]
[Round "9.8"]
[White "Kellermann, Nicolas"]
[Black "Riekenbrauk, Joerg"]
[Result "1/2-1/2"]
[WhiteElo "1849"]
[BlackElo "1918"]
[Annotator "daniel"]
[PlyCount "75"]
[SourceVersionDate "2023.06.22"]

1. e4 Nf6 2. e5 Nd5 3. d4 d6 4. Nf3 dxe5 5. Nxe5 c6 6. c4 Nb4 7. Be3 Bf5 8. Nd3
e5 9. Nxb4 Bxb4+ 10. Nc3 O-O 11. Be2 exd4 12. Qxd4 Qa5 13. O-O Rd8 $11 14. Qf4
Bd6 15. Qg5 h6 16. Qh5 Qe5 17. g3 Bg6 18. Qh4 Be7 19. Qf4 Qxf4 20. Bxf4 Na6 21.
Rad1 Nc5 22. Bc7 Rd7 23. Rxd7 Nxd7 24. Rd1 Nf6 25. Bd3 Rc8 26. Bf4 Rd8 27. Bxg6
Rxd1+ 28. Nxd1 fxg6 29. Be3 a6 30. f3 Kf7 31. Kf2 Nd7 32. Bd4 Bf6 33. Ke3 Ke6
34. f4 Kf5 35. Nf2 c5 36. g4+ Ke6 37. Bxf6 gxf6 38. Ke4 1/2-1/2

[Event "Rheinhausen- Kleve"]
[Site "?"]
[Date "2023.05.21"]
[Round "9.1"]
[White "Shakhverdian, William"]
[Black "Heinert, Eugen"]
[Result "0-1"]
[WhiteElo "2166"]
[BlackElo "2152"]
[PlyCount "80"]
[SourceVersionDate "2023.06.22"]

1. e4 e6 2. d4 d5 3. Bd3 dxe4 4. Bxe4 Nf6 5. Bf3 c5 6. Ne2 e5 7. dxe5 Qxd1+ 8.
Kxd1 Ng4 9. Bxg4 Bxg4 10. f3 Bf5 11. g4 Bd7 12. Ng3 Nc6 13. Bf4 O-O-O 14. Nd2
Be7 15. h4 Rhf8 16. Nge4 Nd4 17. Rf1 Bb5 18. c4 Bc6 19. Nd6+ Bxd6 20. exd6 Rfe8
21. Rc1 Ne2 22. Bh2 Nxc1 23. Kxc1 Re2 24. Bf4 Rde8 25. Kd1 Rg2 26. Re1 Rxe1+
27. Kxe1 Rg1+ 28. Ke2 f6 29. Be3 Rh1 30. h5 b6 31. a3 g5 32. hxg6 hxg6 33. g5
Rh2+ 34. Kd3 f5 35. Bf4 Rh4 36. Be5 Kd7 37. b4 Ke6 38. f4 Rh3+ 39. Kc2 Rxa3 40.
bxc5 bxc5 0-1

[Event "Rheinhausen- Kleve"]
[Site "?"]
[Date "2023.05.21"]
[Round "9.2"]
[White "Liedmann, Dennis"]
[Black "Verfuerth, Kevin"]
[Result "0-1"]
[WhiteElo "2015"]
[BlackElo "2014"]
[PlyCount "30"]
[SourceVersionDate "2023.06.22"]

1. d4 Nf6 2. Nf3 e6 3. e3 d5 4. Bd3 c5 5. c3 Nc6 6. Nbd2 Bd6 7. O-O O-O 8. Qe2
e5 9. dxc5 Bxc5 10. b4 Bb6 11. b5 e4 12. bxc6 exd3 13. cxb7 dxe2 14. bxa8=Q
exf1=Q+ 15. Nxf1 Qc7 0-1

[Event "Rheinhausen- Kleve"]
[Site "?"]
[Date "2023.05.21"]
[Round "9.3"]
[White "Wiegersma, Justus"]
[Black "Heinert, Alex"]
[Result "1/2-1/2"]
[WhiteElo "1972"]
[BlackElo "2125"]
[PlyCount "55"]
[SourceVersionDate "2023.06.22"]

1. c4 e5 2. g3 Nc6 3. Bg2 g6 4. Nc3 Bg7 5. Rb1 a5 6. a3 d6 7. b4 axb4 8. axb4
Nge7 9. e3 h5 10. Nge2 h4 11. d3 hxg3 12. hxg3 Rxh1+ 13. Bxh1 Bg4 14. b5 Na5
15. Bd2 c6 16. bxc6 bxc6 17. Bg2 d5 18. cxd5 cxd5 19. Qa4+ Bd7 20. Qh4 Be6 21.
Bh3 Bxh3 22. Qxh3 Rb8 23. Rxb8 Qxb8 24. Qg4 Nb3 25. Qa4+ Kf8 26. Nc1 Nxd2 27.
Kxd2 Qb2+ 28. Qc2 1/2-1/2

[Event "Rheinhausen- Kleve"]
[Site "?"]
[Date "2023.05.21"]
[Round "9.4"]
[White "Jentzsch, David"]
[Black "Van Kuijk, Vadim"]
[Result "0-1"]
[WhiteElo "1956"]
[BlackElo "2007"]
[PlyCount "104"]
[SourceVersionDate "2023.06.22"]

1. d4 d5 2. c4 c6 3. Nf3 Nf6 4. Nc3 e6 5. e3 Nbd7 6. Qc2 Bd6 7. Bd3 O-O 8. O-O
dxc4 9. Bxc4 b5 10. Be2 Bb7 11. Rd1 Qc7 12. h3 b4 13. Na4 c5 14. dxc5 Bd5 15.
b3 Nxc5 16. Nxc5 Qxc5 17. Qxc5 Bxc5 18. Bb2 a5 19. Rac1 Bb6 20. Bc4 Bxc4 21.
Rxc4 Rfc8 22. Ne5 Rxc4 23. Nxc4 Bd8 24. f3 Kf8 25. e4 Ke7 26. Bd4 Rc8 27. Kf2
g6 28. Bxf6+ Kxf6 29. Rd7 Bc7 30. Ke3 e5 31. Rd5 Ke6 32. Kd3 f6 33. g4 h5 34.
Ne3 hxg4 35. hxg4 Rh8 36. Rc5 Kd6 37. Rc2 Rh3 38. Nc4+ Kd7 39. Ke3 Ke6 40. Rg2
Bd8 41. Rd2 Bc7 42. a3 bxa3 43. Ra2 f5 44. gxf5+ gxf5 45. Rxa3 f4+ 46. Ke2 Rh2+
47. Kd3 Rf2 48. Nd2 Bd6 49. Ra1 Bb4 50. Nc4 Rxf3+ 51. Kc2 Rc3+ 52. Kb2 Re3 0-1

[Event "Rheinhausen- Kleve"]
[Site "?"]
[Date "2023.05.21"]
[Round "9.5"]
[White "Huysman, Arie"]
[Black "Mohrholz, Stefan"]
[Result "1/2-1/2"]
[WhiteElo "2019"]
[BlackElo "2015"]
[PlyCount "33"]
[SourceVersionDate "2023.06.22"]

1. e4 c5 2. c3 Nf6 3. e5 Nd5 4. Nf3 e6 5. d4 cxd4 6. cxd4 Be7 7. Bc4 Nb6 8. Bd3
O-O 9. O-O d6 10. Qe2 dxe5 11. dxe5 Nc6 12. Qe4 g6 13. Bh6 Re8 14. Nc3 Nd5 15.
Bd2 a6 16. Bc4 Nxc3 17. Bxc3 1/2-1/2

[Event "Rheinhausen- Kleve"]
[Site "?"]
[Date "2023.05.21"]
[Round "9.6"]
[White "Hartz, Erik"]
[Black "Krebbers, Wilfried"]
[Result "1/2-1/2"]
[WhiteElo "1993"]
[BlackElo "2056"]
[PlyCount "75"]
[SourceVersionDate "2023.06.22"]

1. Nf3 Nf6 2. b3 g6 3. Bb2 Bg7 4. g3 c5 5. Bg2 Nc6 6. O-O O-O 7. d4 cxd4 8.
Nxd4 Nxd4 9. Bxd4 d6 10. e4 Qc7 11. c4 Bd7 12. Nc3 a6 13. Re1 e5 14. Be3 b5 15.
Nd5 Nxd5 16. cxd5 Rac8 17. Rc1 Qa5 18. Qd2 Qxd2 19. Bxd2 Rxc1 20. Rxc1 Rc8 21.
Rxc8+ Bxc8 22. Bb4 Bf8 23. f4 f6 24. Kf2 Kf7 25. Ke3 Ke7 26. Bf1 Bh6 27. a4
bxa4 28. bxa4 Bd7 29. a5 Bc8 30. Kf3 Bb7 31. Bh3 Bf8 32. Be6 Ke8 33. fxe5 fxe5
34. g4 g5 35. Bd2 Be7 36. Ke2 Kd8 37. Be3 Kc7 38. Bb6+ 1/2-1/2

[Event "Rheinhausen- Kleve"]
[Site "?"]
[Date "2023.05.21"]
[Round "9.8"]
[White "Held, Benjamin"]
[Black "Van der Velden, Alain"]
[Result "1-0"]
[WhiteElo "2075"]
[BlackElo "1732"]
[PlyCount "51"]
[SourceVersionDate "2023.06.22"]

1. d4 f5 2. c4 Nf6 3. g3 g6 4. Bg2 Bg7 5. Nc3 O-O 6. e4 fxe4 7. Nxe4 Nxe4 8.
Bxe4 e5 9. dxe5 Qe7 10. f4 d6 11. Nf3 Nd7 12. O-O dxe5 13. Qd5+ Kh8 14. fxe5
Nxe5 15. Bg5 Nxf3+ 16. Rxf3 Qe6 17. Rxf8+ Bxf8 18. Qd8 Qg8 19. Bf6+ Bg7 20.
Bxg7+ Kxg7 21. Qd4+ Kh6 22. Rf1 Bh3 23. Bd5 Qd8 24. Rf6 Bg4 25. Qf4+ Kh5 26. h3
1-0

[Event "Langenfeld 2- Münster 3"]
[Site "?"]
[Date "2023.05.21"]
[Round "9.1"]
[White "Keller, Karsten"]
[Black "Korth, Daniel"]
[Result "1/2-1/2"]
[WhiteElo "2212"]
[BlackElo "2159"]
[PlyCount "119"]
[SourceVersionDate "2023.06.22"]

1. Nf3 d5 2. d4 Nf6 3. c4 c6 4. Nc3 dxc4 5. e4 b5 6. Be2 g6 7. O-O Bg7 8. a4 b4
9. e5 bxc3 10. exf6 Bxf6 11. bxc3 O-O 12. Bh6 Re8 13. Bxc4 Ba6 14. Qe2 Bxc4 15.
Qxc4 Qd5 16. Qe2 Nd7 17. Rfe1 c5 18. Rad1 Qh5 19. Bf4 cxd4 20. cxd4 Nb6 21. Be5
Qf5 22. h3 Nd5 23. Qd2 Bg7 24. Rc1 Rec8 25. Qa5 Qd7 26. Bxg7 Rxc1 27. Rxc1 Kxg7
28. Rc5 e6 29. Ne5 Qb7 30. Rb5 Qe7 31. Qa6 Nc7 32. Rb7 Qd8 33. Qc6 Rc8 34. Rxa7
Qxd4 35. Ng4 Qxa7 36. Qc3+ Kf8 37. Qh8+ Ke7 38. Qxc8 Nd5 39. Qc4 Qa5 40. Kh2
Nc3 41. Qd4 Nxa4 42. f4 f5 43. Qg7+ Kd6 44. Qf8+ Kd5 45. Nf6+ Kc4 46. Qc8+ Nc5
47. Nxh7 Qd2 48. Qc7 Qd7 49. Qxd7 Nxd7 50. Kg3 Kd4 51. Kh4 e5 52. fxe5 Nxe5 53.
Kg5 Ke3 54. Kf6 Kf2 55. Kxe5 Kxg2 56. Ng5 Kg3 57. Ne6 Kxh3 58. Nf4+ Kg3 59.
Nxg6 f4 60. Nxf4 1/2-1/2

[Event "Langenfeld 2- Münster 3"]
[Site "?"]
[Date "2023.05.21"]
[Round "9.2"]
[White "Molinaroli, Martin"]
[Black "Brochhagen, Thomas"]
[Result "1/2-1/2"]
[WhiteElo "2101"]
[BlackElo "1995"]
[PlyCount "33"]
[SourceVersionDate "2023.06.22"]

1. d4 d5 2. Bf4 Nf6 3. e3 e6 4. Nf3 Bd6 5. Bg3 O-O 6. Nbd2 b6 7. c3 Bb7 8. Be2
Nc6 9. Ne5 Nd7 10. Nxc6 Bxc6 11. Bxd6 cxd6 12. O-O Nf6 13. Qc2 Qd7 14. Rfe1 e5
15. Rad1 Rad8 16. Bf1 Rfe8 17. Rc1 1/2-1/2

[Event "Langenfeld 2- Münster 3"]
[Site "?"]
[Date "2023.05.21"]
[Round "9.3"]
[White "Reuter, Michael"]
[Black "Wieder, Heiner"]
[Result "1/2-1/2"]
[WhiteElo "2063"]
[BlackElo "2077"]
[PlyCount "48"]
[SourceVersionDate "2023.06.22"]

1. d4 f5 2. e4 fxe4 3. Nc3 Nf6 4. Bg5 Nc6 5. d5 Ne5 6. Qd4 Nf7 7. Bh4 c6 8.
O-O-O d6 9. Bxf6 gxf6 10. Qxe4 Bd7 11. Nf3 f5 12. Qe1 Bh6+ 13. Kb1 O-O 14. Nd4
Ne5 15. g3 c5 16. Ne6 Bxe6 17. dxe6 Nf3 18. Qe2 Nd4 19. Qh5 Bg7 20. Nd5 Kh8 21.
Bd3 Qe8 22. Qxe8 Raxe8 23. c3 Nxe6 24. Rhe1 Ng5 1/2-1/2

[Event "Langenfeld 2- Münster 3"]
[Site "?"]
[Date "2023.05.21"]
[Round "9.4"]
[White "Mueschenich, Stefan"]
[Black "Schulte- Lentz, Christian"]
[Result "1/2-1/2"]
[WhiteElo "2152"]
[BlackElo "2080"]
[Annotator "daniel"]
[PlyCount "132"]
[SourceVersionDate "2023.06.22"]

1. e4 c5 2. Nf3 d6 3. Bb5+ Nd7 4. c4 Ngf6 5. Nc3 g6 6. d4 cxd4 7. Nxd4 Bg7 8.
Be3 O-O 9. Rc1 a6 10. Ba4 Nb6 11. Bb3 Bd7 12. f3 Rc8 13. Nb1 e5 14. Ne2 Be6 15.
Qd3 Rc6 16. O-O Nh5 17. Rfd1 Qh4 18. c5 dxc5 19. Rxc5 Rfc8 20. Bxe6 fxe6 21.
Rxc6 Rxc6 22. Qd8+ Qxd8 23. Rxd8+ Kf7 24. Rb8 Nc4 25. Rxb7+ Kf6 26. Bc1 Bf8 27.
Nbc3 Ng7 28. Kf1 Bc5 29. Rd7 Ne3+ 30. Bxe3 Bxe3 31. Rd3 Ba7 32. h4 h6 33. g4
Ne8 34. Ke1 Nd6 35. b3 Nb5 36. Nxb5 axb5 37. Nc3 b4 38. Nd1 Bd4 39. Kd2 Ra6 40.
Kc1 Rxa2 41. Rd2 Ra3 42. Kc2 Ke7 43. Nb2 Bc3 44. Re2 Ra1 45. Nd1 Bd4 46. Rd2
Ra3 47. Nb2 $11 h5 48. gxh5 gxh5 49. Nd3 Bc3 50. Re2 Ra2+ 51. Kd1 Ra1+ 52. Nc1
Bd4 53. Kc2 Ra8 54. Nd3 Rf8 55. Nxb4 Rxf3 56. Nd3 Rh3 57. b4 Kd6 58. Ne1 Rxh4
59. Kd3 Rh3+ 60. Kc4 Rc3+ 61. Kb5 h4 62. Ra2 h3 63. Ra6+ Ke7 64. Ra2 Re3 65.
Nc2 Re2 66. Ra7+ Bxa7 1/2-1/2

[Event "Langenfeld 2- Münster 3"]
[Site "?"]
[Date "2023.05.21"]
[Round "9.5"]
[White "Hess, Christian"]
[Black "Baumann, Stephan"]
[Result "0-1"]
[WhiteElo "2149"]
[BlackElo "2066"]
[PlyCount "80"]
[SourceVersionDate "2023.06.22"]

1. e4 e5 2. Nc3 Nf6 3. f4 d5 4. fxe5 Nxe4 5. Nf3 Be7 6. Qe2 Nxc3 7. dxc3 c5 8.
Be3 Nc6 9. O-O-O Be6 10. Qb5 a6 11. Qa4 b5 12. Qa3 d4 13. c4 b4 14. Qa4 Bd7 15.
Qb3 dxe3 16. Qxe3 Qc7 17. Qe4 O-O-O 18. g4 Nb8 19. Bg2 Qc6 20. Rd5 Qg6 21. Qe3
Bc6 22. Rhd1 h5 23. g5 Bxd5 24. cxd5 Rhe8 25. d6 Bxd6 26. Nh4 Rxe5 27. Qh3+ Qe6
28. Qf3 Qe7 29. Bh3+ Kc7 30. Nf5 Qxg5+ 31. Kb1 Rxf5 32. Bxf5 Qf4 33. Qh3 Qxh2
34. Qe3 Qe5 35. Qf3 Be7 36. Rf1 Bf6 37. c3 bxc3 38. Bc2 Nc6 39. a3 Rb8 40. b3
Nd4 0-1

[Event "Langenfeld 2- Münster 3"]
[Site "?"]
[Date "2023.05.21"]
[Round "9.6"]
[White "Meyer, Ulrich"]
[Black "Hess, Dennis"]
[Result "1-0"]
[WhiteElo "1857"]
[BlackElo "1982"]
[PlyCount "103"]
[SourceVersionDate "2023.06.22"]

1. e4 d5 2. exd5 Qxd5 3. Nc3 Qa5 4. Bc4 Nf6 5. d3 c6 6. Bd2 Qb6 7. h3 Bf5 8.
Nf3 e6 9. O-O Bd6 10. Re1 O-O 11. Nh4 Bg6 12. Nxg6 hxg6 13. Ne4 Nxe4 14. Rxe4
Nd7 15. Bc3 Nf6 16. Rh4 Bg3 17. Bd4 c5 18. Bxf6 Bxh4 19. Bxh4 Qxb2 20. Rb1 Qd4
21. Qg4 Qd7 22. Qe4 b6 23. Bb5 Qc7 24. Bg3 Qe7 25. Ba6 Rad8 26. Qc6 g5 27. Re1
Rfe8 28. a4 f6 29. Bc4 Rc8 30. Qxe6+ Qxe6 31. Rxe6 Kh7 32. Rxe8 Rxe8 33. Kf1
Kg6 34. f3 f5 35. Bf2 Rd8 36. c3 Rc8 37. Ba6 Rc7 38. Ke2 f4 39. Kd2 Kf5 40. Kc2
Ke6 41. Kb3 Kd5 42. Bc4+ Kd6 43. d4 Rc6 44. h4 gxh4 45. Bxh4 Rc8 46. Ba6 Rf8
47. Bb7 cxd4 48. cxd4 Rf5 49. g4 Rf7 50. Be4 a6 51. Be1 g5 52. Bb4+ 1-0

[Event "Langenfeld 2- Münster 3"]
[Site "?"]
[Date "2023.05.21"]
[Round "9.7"]
[White "Hendrichs, Udo"]
[Black "Ollech, Dirk"]
[Result "0-1"]
[WhiteElo "1996"]
[BlackElo "1921"]
[PlyCount "46"]
[SourceVersionDate "2023.06.22"]

1. d4 Nf6 2. Nf3 c5 3. e3 g6 4. Bd3 Bg7 5. O-O d6 6. Nbd2 O-O 7. Qe2 Nc6 8. c3
e5 9. dxe5 dxe5 10. e4 Nh5 11. Nb3 Qe7 12. Bg5 f6 13. Be3 b6 14. Bb5 Nd8 15.
Rad1 Ne6 16. Bc6 Rb8 17. g3 Nc7 18. Kg2 Qe6 19. Bd5 Nxd5 20. exd5 Qh3+ 21. Kg1
Bg4 22. Bc1 e4 23. Qxe4 Rbe8 0-1

[Event "Langenfeld 2- Münster 3"]
[Site "?"]
[Date "2023.05.21"]
[Round "9.8"]
[White "Wingenfeld, Klaus"]
[Black "Buettner, Ulrich"]
[Result "0-1"]
[WhiteElo "1830"]
[BlackElo "1929"]
[PlyCount "138"]
[SourceVersionDate "2023.06.22"]

1. d4 d5 2. Bf4 Nf6 3. e3 g6 4. Nc3 c6 5. h4 Bg7 6. Be2 b6 7. Nf3 Bb7 8. Ne5
Nfd7 9. h5 Nxe5 10. Bxe5 f6 11. Bxb8 Rxb8 12. hxg6 hxg6 13. Rxh8+ Bxh8 14. Qd3
Kf7 15. O-O-O Bg7 16. f4 Qd7 17. Rh1 Rh8 18. Rxh8 Bxh8 19. g4 e5 20. dxe5 fxe5
21. f5 gxf5 22. gxf5 Qe7 23. e4 Qg5+ 24. Kb1 Qg1+ 25. Nd1 Bf6 26. Bf3 Qd4 27.
Ne3 Qxd3 28. cxd3 d4 29. Nc4 Ke7 30. Kc2 Ba6 31. Nd2 Kd6 32. b3 c5 33. Nf1 Ke7
34. Nh2 Bg5 35. Ng4 Bf6 36. Be2 Bb5 37. Nh2 Be8 38. Nf1 Bf7 39. Ng3 Bh4 40. Nf1
Kf6 41. Nh2 Ke7 42. Kd2 Bg5+ 43. Ke1 a5 44. Kd1 Bf6 45. Kc2 Be8 46. Ng4 Bg7 47.
Kb2 Bh8 48. Nf2 Bf6 49. Bd1 b5 50. a4 b4 51. Nh3 Bf7 52. Kc2 Be8 53. Kd2 Bf7
54. Ke1 Bh4+ 55. Kf1 Kf6 56. Ng1 Kg7 57. Kg2 Bf6 58. Kg3 Kh6 59. Nh3 Be8 60.
Nf2 Kg5 61. Nh3+ Kh6 62. Ng1 Bf7 63. Nh3 Be8 64. Nf2 Bf7 65. Ng4+ Kg5 66. Nxf6
Kxf6 67. Kh4 Be8 68. Bh5 Bxh5 69. Kxh5 c4 0-1

[Event "Herford- Hemer"]
[Site "?"]
[Date "2023.05.21"]
[Round "9.1"]
[White "Voicu- Jagodzinsky, Carmen"]
[Black "Nordsieck, Thomas"]
[Result "1-0"]
[WhiteElo "2294"]
[BlackElo "2334"]
[PlyCount "63"]
[SourceVersionDate "2023.06.22"]

1. Nf3 d5 2. c4 d4 3. b4 f6 4. e3 dxe3 5. fxe3 Bg4 6. Be2 e6 7. O-O Nh6 8. d4
Nf7 9. Qb3 Be7 10. Nc3 O-O 11. c5 Re8 12. h3 Bxf3 13. Bxf3 c6 14. Bb2 Nd7 15.
Rad1 Bf8 16. e4 Qe7 17. Kh1 Kh8 18. Bg4 Ng5 19. Bc1 g6 20. Bxg5 fxg5 21. e5 h5
22. Be2 Bg7 23. Qc2 Nf8 24. g4 Red8 25. Ne4 Nd7 26. Nd6 Rf8 27. Qxg6 Rxf1+ 28.
Rxf1 Rf8 29. Nf7+ Kg8 30. Bc4 Re8 31. Nh6+ Kh8 32. Rf7 1-0

[Event "Herford- Hemer"]
[Site "?"]
[Date "2023.05.21"]
[Round "9.5"]
[White "Schmuecker, Marcus"]
[Black "Hiller, Stefan"]
[Result "1-0"]
[WhiteElo "2189"]
[BlackElo "1991"]
[PlyCount "57"]
[SourceVersionDate "2023.06.22"]

1. d4 Nf6 2. Bf4 d5 3. Nf3 c5 4. e3 Nc6 5. c3 Qb6 6. Qc2 g6 7. Nbd2 Nh5 8. Be5
f6 9. dxc5 Qxc5 10. Bd4 Nxd4 11. exd4 Qd6 12. g3 Bg7 13. Bd3 Be6 14. O-O O-O
15. Rfe1 Bf7 16. c4 Rac8 17. Qa4 a6 18. cxd5 b5 19. Qd1 Bxd5 20. a4 e6 21. axb5
axb5 22. Bxb5 Rb8 23. Qe2 Rxb5 24. Qxb5 Rb8 25. Qa4 Rb4 26. Qe8+ Bf8 27. Ra7
Ng7 28. Qf7+ Kh8 29. Rd7 1-0